Bolivia y la integración Andina
Збережено в:
| Автор: | |
|---|---|
| Формат: | Невідомо |
| Опубліковано: |
Cochabamba:
Editorial Amigos del Libro
|
| Теги: |
Додати тег
Немає тегів, Будьте першим, хто поставить тег для цього запису!
|
MARC
| LEADER | 00000 a2200000 04500 | ||
|---|---|---|---|
| 001 | 22990 | ||
| 003 | |||
| 008 | 991231s d | ||
| 040 | |||
| 090 | |a 151204 | ||
| 100 | |a Camacho Omiste, Edgar | ||
| 245 | |a Bolivia y la integración Andina | ||
| 260 | |a Cochabamba: |b Editorial Amigos del Libro | ||
| 999 | |c 7507 |d 7507 | ||
